[Event "CAN-ch U12 Girls"]
[Site "Windsor"]
[Date "2015.07.06"]
[Round "1.90"]
[White "Eckert, Alixaendra"]
[Black "Wang, Isabelle"]
[Result "0-1"]
[WhiteElo "460"]
[BlackElo "1234"]
[PlyCount "72"]
[EventDate "2015.07.06"]
[EventType "swiss"]
[EventRounds "7"]
[EventCountry "CAN"]
[SourceTitle "EXT 2022"]
[Source "ChessBase"]
[SourceDate "2021.10.06"]
[SourceVersion "1"]
[SourceVersionDate "2021.10.06"]
[SourceQuality "1"]

1. e4 e5 2. Nf3 Nc6 3. d3 Nf6 4. Nc3 d5 5. exd5 Nxd5 6. d4 exd4 7. Nxd4 Bb4 8. a3 Nxc3 9. Qd2 Qxd4 10. axb4 Qxd2+ 11. Bxd2 Nd5 12. Be2 Ndxb4 13. Bxb4 Nxb4 14. 0-0 Nxc2 15. Rad1 0-0 16. Rd2 Nb4 17. Rfd1 Be6 18. h3 Nc6 19. Bg4 Bxg4 20. hxg4 Rad8 21. Rd7 Rxd7 22. Rxd7 Rc8 23. f4 h6 24. Kh2 Nb8 25. Rd4 c5 26. Rd2 b5 27. Kh3 b4 28. g5 hxg5 29. fxg5 c4 30. Rd4 c3 31. Rxb4 c2 32. Re4 c1Q 33. Kh4 Rc4 34. Rxc4 Qxc4+ 35. g4 Qe2 36. Kh5 Qh2# 0-1

[Event "CAN-ch U08 Girls"]
[Site "Richmond Hill"]
[Date "2011.07.08"]
[Round "7"]
[White "Wong, Selena"]
[Black "Eckert, Alixaendra"]
[Result "1-0"]
[WhiteElo "861"]
[BlackElo "465"]
[PlyCount "40"]
[EventDate "2011.07.06"]
[EventType "swiss"]
[EventRounds "7"]
[EventCountry "CAN"]
[SourceTitle "EXT 2022"]
[Source "ChessBase"]
[SourceDate "2021.10.06"]
[SourceVersion "1"]
[SourceVersionDate "2021.10.06"]
[SourceQuality "1"]

1. d4 d5 2. c4 dxc4 3. e3 Nc6 4. Bxc4 Be6 5. Bxe6 fxe6 6. Nf3 g6 7. Qb3 Qd7 8. Qxb7 Rd8 9. 0-0 Rb8 10. Qa6 Qd6 11. Qe2 Bg7 12. Nc3 Bf6 13. Rd1 e5 14. dxe5 Bxe5 15. Rxd6 exd6 16. Nxe5 dxe5 17. f4 exf4 18. exf4+ Nce7 19. b3 Nf6 20. Ba3 Nd7 1-0